| 000 | 02010cam a22004934i 4500 | ||
|---|---|---|---|
| 003 | PE-LiUPU | ||
| 005 | 20250731173100.0 | ||
| 008 | 150623s r 000 0 d | ||
| 020 | _a0829704655 | ||
| 035 | _a(Sirsi) i9780829704655 | ||
| 040 |
_aPE-LiUPU _bspa _cPE-LiUPU _erda |
||
| 049 | _aPRUA | ||
| 082 | 0 | 4 |
_a254.5994 _bH966c _223 |
| 100 | 1 |
_aHurston, Karen, _eautor. |
|
| 245 | 1 | 0 |
_aCrecimiento de la iglesia más grande del mundo / _cKaren Hurston. |
| 264 | 1 |
_aDeerfield, Florida : _bEditorial Vida, _c1996. |
|
| 300 |
_a290 páginas : _bilustraciones, cuadros ; _c21 centímetros. |
||
| 336 |
_atext _2rdacontent |
||
| 337 |
_aunmediated _2rdamedia |
||
| 338 |
_avolume _2rdacarrier |
||
| 504 | _aIncluye bibliografía. | ||
| 505 | 0 | _aLos primeros años. -El ministerio de la oración. -La monstaña internacional de oración. -El ministerio de los líderes laicos. -Los grupos de células de hogar. -El ministerio de la junta pastoral. -Fraternidades de alcance evangélico. -La doctrina de la iglesia. -Los sermones. -Los cultos de adoración. -Discución para pequeños grupos. | |
| 526 | _aSEG42 | ||
| 526 | _aSEG41 | ||
| 526 | _aSEG40 | ||
| 526 | _aSEG39 | ||
| 526 | _aP94 | ||
| 526 | _aP87 | ||
| 526 | _aP86 | ||
| 526 | _aP85 | ||
| 526 | _aP77 | ||
| 526 | _aP76 | ||
| 526 | _aP35 | ||
| 600 | 1 | 4 |
_aCho, Yong-gi, _d1936-2021 _93298 |
| 650 | 1 | 4 |
_aCrecimiento de iglesia _zCorea del Sur. _91204 |
| 650 | 1 | 4 |
_aIglesias pentecostales _zCorea del Sur _xHistoria _xSiglo XX. _93300 |
| 651 | 1 | 4 |
_aCorea del Sur _xHistoria de la Iglesia _ySiglo XX. _93299 |
| 942 |
_2ddc _cBK _n0 |
||
| 949 |
_a254.5994 H966c _wDEWEY _c1 _i53801 _lCCODEBUL1 _mBUL _p12.00 _r0 _sY _tBOOK _u2015-6-24 _xTEOLOGIA _0COMPRA _o.STAFF. Colección General |
||
| 949 |
_a289.94095195 H96C _wDEWEY _c2 _i48845 _lCCODEBUL1 _mBUL _r0 _sY _tBOOK _u2015-6-24 _xTEOLOGIA _0COMPRA _o.STAFF. Colección General |
||
| 980 |
_81 _gALBERTO SANCHEZ Responsable de Automatización |
||
| 999 |
_c28006 _d28006 |
||